The small industries of Japan : Their growth and development

Сохранить в:
Библиографические подробности
Главный автор: Teijiro, Uyeda
Формат:
Язык:Undetermined
Опубликовано: London Oxford University Press 1938
Предметы:
Метки: Добавить метку
Нет меток, Требуется 1-ая метка записи!
Thư viện lưu trữ: Trung tâm Học liệu Trường Đại học Cần Thơ
LEADER 00539nam a2200205Ia 4500
001 CTU_98463
008 210402s9999 xx 000 0 und d
082 |a 338.6 
082 |b U97 
100 |a Teijiro, Uyeda 
245 4 |a The small industries of Japan : 
245 0 |b Their growth and development 
245 0 |c Teijiro Uyeda 
260 |a London 
260 |b Oxford University Press 
260 |c 1938 
650 |a Industries 
650 |z Japan 
904 |i Tuyến 
980 |a Trung tâm Học liệu Trường Đại học Cần Thơ